000 00402nam a2200145 i 4500
001 bg
100 1 _aBRZEZIŃSKI, Marek
_d(1949- ).
245 0 _aProjektowanie nowo uruchamionej rytmicznej produkcji dla okresu jej rozwoju /
_cMarek Brzeziński.
260 _aLublin,
_c1982.
040 _cBPK
041 _apol
080 _a658.5::66/69
942 _cKS
008 s pl f |000 0 pol
999 _c20893
_d20893
856 _uhttp://koha.tu.koszalin.pl/cgi-bin/koha/opac-detail.pl?biblionumber=20893
_yKatalog online BPK